00473nam a2200181Ia 4500008004100000020001400041040001900055041001200074082002000086100002000106245003800126260004100164300002400205440002100229504001900250650000800269850001400277131103s9999 xx 000 0 und d a356111717 aLoreto College aEnglish aREFbLCBED/9769 aRoyston, Robert aTouch and feelingcRobert Royston aLondonbMacdonald Educationalc[19?] a31p.b pic.c 23cm. aMy first library aIncludes index aREF aLCBED/REF